000 00403nam a22001577a 4500
005 20251108175801.0
008 250721s1997 xx 000 0 eng d
082 1 4 _a658.312/PHI
100 1 _aPHILLIPS, JACK J.
245 1 0 _aHANDBOOK OF TRAINING EVALUATION /
264 1 _aTEXAS :
_bGULF PUBLISGING COMPANY,
_c1997.
300 _a420P.
650 1 7 _aTRAINING
942 _2ddc
_cBK
999 _c142299
_d142299